|
|
|
|
| LEADER |
00903nam a2200325 4500 |
| 001 |
DLU040026577 |
| 005 |
##20021230 |
| 040 |
# |
# |
|a DLU
|b vie
|
| 041 |
# |
# |
|a vie
|
| 044 |
# |
# |
|a vn
|
| 082 |
# |
# |
|a 570
|b LU-D
|
| 100 |
# |
# |
|a Lương Văn Dũng
|
| 245 |
# |
# |
|a Xây dựng bộ tiêu bản thực vật bậc cao ngành rêu - dương xỉ /
|c Lương Văn Dũng
|
| 260 |
# |
# |
|a Đà Lạt :
|b Trường Đại học Đà Lạt,
|c 2003
|
| 300 |
# |
# |
|a [30] tr. ;
|c 30x21 cm
|
| 504 |
# |
# |
|a Tài liệu tham khảo : tr. 30
|
| 653 |
# |
# |
|a Dương xỉ
|
| 653 |
# |
# |
|a Rêu
|
| 653 |
# |
# |
|a Thực vật bậc cao
|
| 653 |
# |
# |
|a Tiêu bản
|
| 915 |
# |
# |
|a Sinh học,
|c Đề tài nghiên cứu khoa học cấp trường
|
| 992 |
# |
# |
|a 0
|
| 994 |
# |
# |
|a DLU
|
| 900 |
# |
# |
|a True
|
| 911 |
# |
# |
|a Thái Thị Thanh Thủy
|
| 925 |
# |
# |
|a G
|
| 926 |
# |
# |
|a A
|
| 927 |
# |
# |
|a LA
|
| 980 |
# |
# |
|a Thư viện Trường Đại học Đà Lạt
|